| 000 | 00896nam a2200229Ia 4500 | ||
|---|---|---|---|
| 005 | 20240530110945.0 | ||
| 008 | 140319s2021 ua a g 000 0 ara d | ||
| 017 |
_bمصر. دار الكتب _a2019/10028 |
||
| 020 | _a9789776743966 | ||
| 040 |
_aGCL / _cGCL |
||
| 082 | 0 | 4 |
_221 _a155.232 _bإ س |
| 100 | 0 | _aاكرام صالح ابراهيم | |
| 245 | 1 | 0 |
_aسلوك التنمر عند الاطفال والمراهقين بين عوامل الخطورة - الوقاية - العلاج / _cاكرام صالح ابراهيم |
| 250 | _aط. 1 | ||
| 260 |
_aالقاهرة : _bروابط للنشر وتقنية المعلومات، _c2021. |
||
| 300 |
_a124 ص. : _bايض ؛ _c24 سم. |
||
| 650 | 0 | 7 | _aالتنمر |
| 650 | 0 | 7 |
_aالاطفال _xعلم نفس |
| 650 | 0 | 7 |
_aالمراهقون _xعلم نفس |
| 942 |
_2ddc _cBK |
||
| 999 |
_c66899 _d66899 |
||